Test na szczęście - Nagła śmierć - Statystyki

Ogólne statystyki
  • Ten quiz został rozwiązany 90 razy
  • Średni wynik to 3 z 22
Answers on the Grid
Answers color-coded by a green-red scale on the quiz's grid according to % correct below.
.
.
.
.
.
.
.
.
.
.
.
.
.
.
.
.
.
.
.
.
.
.
.
.
.
.
.
.
.
.
.
.
 
Statystyki odpowiedzi
Odpowiedź % Poprawnych
.
28%
.
24%
.
24%
.
21%
.
21%
.
17%
.
14%
.
14%
.
14%
.
14%
.
14%
.
10%
.
10%
.
10%
.
10%
.
10%
.
10%
.
7%
.
7%
.
7%
.
7%
.
3%
Nie znaleziono quizów pasujących do podanych kryteriów
Rozkład punktacji
Procent ludzi z każdym wynikiem
Percentyl według liczby udzielonych odpowiedzi
Twoja historia wyników
Nie rozwiązałeś tego quizu